000 00756nam a2200241 i 4500
001 C2-0168118
003 PPAK
005 20180727133925.0
008 980714s1990 enka|||| ||||| | eng d
020 _a0195889568
040 _aPPAK
_beng
_cPPAK
_erda
082 0 4 _a746.09598
_223
090 0 0 _a746.09598
_bGIT
_dR
100 1 _aGittinger, Mattiebelle,
_eauthor
245 1 0 _aTextiles and tradition in Indonesia
264 1 _aOxford :
_bOxford University Press ,
_c1990
300 _a243 pages :
_bcolour illustrations ;
_c28 cm
336 _2rdacontent
_atext
337 _2rdamedia
_aunmediated
338 _2rdacarrier
_avolume
650 1 0 _aTextile fabrics - Indonesia ; Costum - Indonesia ; Indonesia, Social life and customs
942 _ddc
_cB
999 _c49859
_d49859